[Event "TUR-chT Superleague 2018"]
[Site "Ankara"]
[Date "2018.08.02"]
[Round "9"]
[White "Abasov, Nijat"]
[Black "Rakhmanov, Aleksandr"]
[Result "1/2-1/2"]
[WhiteElo "2623"]
[BlackElo "2629"]
[Annotator "TA"]
[PlyCount "101"]
[EventDate "2018.07.25"]
[EventType "team-tourn"]
[EventCountry "TUR"]
[SourceTitle "playchess.com"]
[Source "ChessBase"]
[SourceQuality "1"]

{[%evp 14,101,63,38,42,40,73,83,83,63,107,89,95,84,87,79,85,74,63,45,59,36,31,38,40,29,34,25,27,27,27,29,25,29,35,33,33,27,27,22,27,12,30,28,28,28,31,35,46,33,25,13,13,13,18,11,10,0,0,0,0,0,0,0,0,0,0,0,0,0,0,0,0,0,0,0,0,0,4,4,4,4,4,5,5,5,5,5,5,5]} 1. e4 e5 2. Nf3 Nf6 3. Nxe5 d6 4. Nf3 Nxe4 5. d4 Be7 6. Bd3 Ng5 7. Nxg5 {C42: Petroff Defence: 3 Nxe5 and unusual White 3rd moves} Bxg5 8. O-O {LiveBook: 3 Games} (8. Qe2+ Be7 9. Nc3 Nc6 10. Bb5 O-O 11. Be3 d5 12. Bxc6 bxc6 13. O-O Bd6 14. Qd2 Qh4 {½-½ (44) Smirin,I (2644)-Rozentalis,E (2509) Jerusalem 2017}) 8... Bxc1 9. Re1+ {White is slightly better.} Kf8 10. Qxc1 Nc6 11. c3 Qf6 $146 ({Predecessor:} 11... Bd7 12. Qf4 Ne7 13. Bc4 Be8 14. Nd2 Ng8 {1-0 (65) Burnoiu,N (2431)-Diulger,A (2326) Bucharest 2002}) 12. Nd2 Bf5 13. Qc2 g6 14. Bxf5 Qxf5 15. Qxf5 gxf5 16. Re2 Re8 17. Rae1 Rxe2 18. Rxe2 $14 {[%mdl 4096] Endgame KRN-KRN} Kg7 19. g3 Kf6 20. Kg2 b5 21. Nf1 Ne7 22. Ne3 h5 23. Kf3 a6 24. b3 Rb8 25. Ng2 Ng6 26. Ne1 a5 27. Nd3 Ra8 28. Rb2 Rb8 29. Rc2 Re8 30. c4 b4 31. Re2 Rb8 32. Re1 h4 {The position is equal.} 33. Ra1 hxg3 34. hxg3 Nf8 35. Nf4 {Black must now prevent Nd5+.} Ne6 36. Ke3 Nxf4 37. Kxf4 $11 {KR-KR} Re8 38. f3 Re2 39. a3 Rb2 40. axb4 axb4 41. Ra5 Rxb3 {And now ...Rc3 would win.} 42. Rxf5+ Ke6 43. Rb5 Rb1 44. d5+ Kf6 45. c5 b3 46. cxd6 cxd6 47. Rb6 Ke7 48. Kf5 {Strongly threatening Rb7+.} b2 49. Rb7+ Ke8 $1 50. f4 {Kf6 is the strong threat.} Rg1 $1 51. Rxb2 {Precision: White = 67%, Black = 77%.} 1/2-1/2

[Event "TUR-chT Superleague 2018"]
[Site "Ankara"]
[Date "2018.08.02"]
[Round "9"]
[White "Zhigalko, Sergei"]
[Black "Kuzubov, Yuriy"]
[Result "1/2-1/2"]
[WhiteElo "2615"]
[BlackElo "2647"]
[Annotator "TA"]
[PlyCount "83"]
[EventDate "2018.07.25"]
[EventType "team-tourn"]
[EventCountry "TUR"]
[SourceTitle "playchess.com"]
[Source "ChessBase"]
[SourceQuality "1"]

{[%evp 24,83,10,16,37,10,21,38,36,5,10,12,8,18,12,21,6,4,35,35,35,35,35,35,35,35,35,35,35,35,35,35,35,35,35,35,35,35,35,35,57,57,57,57,57,57,57,0,0,0,64,64,64,64,64,64,64,64,64,64,64,33]} 1. e4 e5 2. Nf3 Nf6 3. Nxe5 d6 4. Nf3 Nxe4 5. d4 d5 6. Bd3 Be7 7. O-O Bf5 8. Re1 O-O 9. c4 Nc6 10. cxd5 {C42: Russische Verteidigung (Petrow)} Qxd5 11. Nc3 Nxc3 12. bxc3 Bxd3 13. Qxd3 {LiveBook: 10 Partien} Rae8 14. Bf4 Bd6 15. c4 Qh5 16. Bxd6 cxd6 17. Qa3 Qa5 18. Qxd6 Rxe1+ 19. Rxe1 {[#]} Rd8 $146 {[#] zielt auf ...Dxe1+! ab.} 20. Re2 {Und weiter mit d5 wäre nett.} g6 21. Qf6 {Droht d5 und aus.} Qc3 22. h3 {Se5 ist eine echte Drohung.} Qxc4 23. Ne5 Qe6 $1 {[%cal Re6f6]} 24. Qxe6 fxe6 25. Nxc6 bxc6 26. Rxe6 Rxd4 27. Rxc6 $14 {[%mdl 4096] Endspiel Droht stark Tc8+. KT-KT} Ra4 28. Rc2 g5 29. Kf1 Kf7 30. Ke2 Kf6 31. Kd3 Ra3+ 32. Kc4 a5 33. Kb5 h5 34. Kb6 h4 35. Rc6+ ({Besser ist} 35. f3 $14) 35... Kf7 $11 36. Rc2 (36. Rc5 $11 Rxa2 37. Rxa5 (37. Rxg5 Rxf2 38. Kxa5 Rf4 $11) 37... Rxf2 38. Rxg5) 36... Kf6 $1 $14 37. Ka6 {Weiß steht etwas besser.} Kg6 38. Rd2 Kf6 39. Kb6 Ke6 40. Kc5 Ke5 41. Re2+ Kf6 42. Kd5 {Precision: Weiß = 68%, Schwarz = 88%.} 1/2-1/2

[Event "TUR-chT Superleague 2018"]
[Site "Ankara"]
[Date "2018.08.02"]
[Round "9"]
[White "Baryshpolets, Andrey"]
[Black "Salgado Lopez, Ivan"]
[Result "1-0"]
[WhiteElo "2609"]
[BlackElo "2643"]
[Annotator "TA"]
[PlyCount "73"]
[EventDate "2018.07.25"]
[EventType "team-tourn"]
[EventCountry "TUR"]
[SourceTitle "playchess.com"]
[Source "ChessBase"]
[SourceQuality "1"]

{[%evp 21,73,20,29,30,40,39,41,43,51,28,25,12,15,12,43,31,29,37,41,42,33,37,48,39,47,25,26,22,78,83,97,29,24,16,31,21,28,24,38,16,61,0,0,0,0,0,377,379,402,390,453,412,2295,2243]} 1. d4 Nf6 2. c4 e6 3. g3 Bb4+ 4. Bd2 Be7 5. Bg2 d5 6. Nf3 c6 7. Qc2 Nbd7 {E11: Damenindisch (Bogoljubow-Variante)} 8. O-O b6 9. b3 Bb7 10. Nc3 O-O 11. Rfd1 Rc8 {LiveBook: 89 Partien} 12. e4 (12. Bf4 c5 13. Nb5 cxd4 14. Nd6 Bxd6 15. Bxd6 Re8 16. Nxd4 Nc5 17. Bxc5 Rxc5 18. Qb2 e5 19. Nb5 Qb8 20. e3 h5 {0-1 (33) Meier,G (2648)-Naiditsch,A (2701) Karlsruhe/Baden-Baden 2018}) 12... Nxe4 13. Nxe4 dxe4 14. Qxe4 Nf6 15. Qc2 c5 16. dxc5 Be4 $146 ({Vorgänger:} 16... bxc5 17. Bc3 Qb6 18. Ng5 g6 19. Bxb7 Qxb7 {1-0 (33) Jumabayev,R (2544)-Tologontegin,S (2367) Tashkent 2009}) 17. Qb2 bxc5 18. Ne5 Bxg2 19. Kxg2 Qb6 20. f3 Rfd8 21. Bc3 Ne8 {[%cal Bf6e8,Be8d6,Bd6f5][%mdl 32]} 22. Qe2 Nd6 23. Rd3 Nf5 24. Rad1 f6 (24... Rxd3 $11 25. Rxd3 Nd4) 25. Rxd8+ $16 Bxd8 26. Nd7 (26. Nd3 $16) 26... Qc6 $11 27. Nxc5 Bb6 $1 {[%cal Rb6c5]} 28. g4 Re8 29. gxf5 exf5 30. Qf1 {Droht stark Sd3.} Qxc5 31. b4 ({Lieber} 31. Bd4 $14 Qa3 32. Bxb6 axb6 33. Qf2) 31... Qe3 32. Re1 $36 {[%mdl 2048] Weiss hat gut koordiniertes Spiel.} Qg5+ 33. Kh1 Rd8 $2 {[%mdl 8192]} (33... Rxe1 $11 {und Schwarz steht sicher.} 34. Qxe1 Be3) 34. c5 $18 Bc7 35. Qc4+ Kf8 {[#]} 36. Qe2 $1 {[%cal Re2e7] Und weiter mit De7+ wäre nett.} Qf4 {[#]} (36... Be5 $142 37. Bxe5 fxe5) 37. Bxf6 $1 {[%mdl 512] Precision: Weiß = 62%, Schwarz = 41%.} 1-0

[Event "TUR-chT Superleague 2018"]
[Site "Ankara"]
[Date "2018.08.03"]
[Round "9"]
[White "Baryshpolets, Andrey"]
[Black "Salgado Lopez, Ivan"]
[Result "1-0"]
[WhiteElo "2609"]
[BlackElo "2643"]
[Annotator "TA"]
[PlyCount "73"]
[EventDate "2018.07.25"]
[EventType "team-tourn"]
[EventCountry "TUR"]
[SourceTitle "playchess.com"]
[Source "ChessBase"]
[SourceQuality "1"]

{[%evp 22,73,18,15,32,43,42,36,37,18,23,11,23,6,39,25,25,28,47,38,39,39,40,40,31,35,36,37,85,83,73,21,22,36,25,19,31,21,25,32,64,0,0,0,0,0,433,432,456,451,455,431,2145,2101]} 1. d4 Nf6 2. c4 e6 3. g3 Bb4+ 4. Bd2 Be7 5. Bg2 d5 6. Nf3 c6 7. Qc2 Nbd7 {E11: Bogo-Indian} (7... O-O 8. O-O b6 9. Rd1 Nbd7 10. Bf4 Bb7 11. Ne5 Nh5 12. Bd2 Nhf6 13. cxd5 cxd5 14. Nc6 Bxc6 15. Qxc6 a6 16. a4 Rc8 17. Qb7 Nb8 18. Na3 Qc7 19. Qxc7 Rxc7 {½-½ (52) Cheparinov,I (2710)-Kuzubov,Y (2699) Riadh 2017}) 8. O-O b6 9. b3 Bb7 10. Nc3 O-O 11. Rfd1 Rc8 12. e4 {LiveBook: 77 Games} Nxe4 13. Nxe4 dxe4 14. Qxe4 Nf6 15. Qc2 c5 16. dxc5 Be4 $146 ({Predecessor:} 16... bxc5 17. Bc3 Qb6 18. Ng5 g6 19. Bxb7 Qxb7 {1-0 (33) Jumabayev,R (2544)-Tologontegin,S (2367) Tashkent 2009}) 17. Qb2 bxc5 18. Ne5 Bxg2 19. Kxg2 Qb6 20. f3 Rfd8 21. Bc3 Ne8 {[%cal Bf6e8,Be8d6,Bd6f5][%mdl 32]} 22. Qe2 Nd6 23. Rd3 Nf5 24. Rad1 f6 25. Rxd8+ Bxd8 26. Nd7 (26. Nd3 $16) 26... Qc6 $11 27. Nxc5 Bb6 $1 {[%cal Rb6c5]} 28. g4 Re8 29. gxf5 exf5 30. Qf1 Qxc5 31. b4 (31. Bd4 $14 Qe7 32. c5) 31... Qe3 32. Re1 $36 {[%mdl 2048] White is pushing.} Qg5+ 33. Kh1 Rd8 $2 {[%mdl 8192]} (33... Rxe1 $11 34. Qxe1 Qh5 35. Qe6+ Kf8 36. Qc8+ Kf7 37. Qd7+ (37. Qb7+ Kg6 $11) 37... Kf8 38. Qc8+ Kf7 39. Qb7+ Kg6) 34. c5 $18 {White is clearly winning.} Bc7 35. Qc4+ Kf8 {[#]} 36. Qe2 $1 {[%cal Re2e7] Qe7+ is the strong threat.} Qf4 {[#]} (36... Be5 $142 37. Bxe5 fxe5) 37. Bxf6 $1 {[%mdl 512] Precision: White = 65%, Black = 35%.} 1-0

[Event "TUR-chT Superleague 2018"]
[Site "Ankara"]
[Date "2018.08.02"]
[Round "9"]
[White "Can, Emre"]
[Black "Ertan, Can"]
[Result "1/2-1/2"]
[WhiteElo "2605"]
[BlackElo "2434"]
[Annotator "TA"]
[PlyCount "101"]
[EventDate "2018.07.25"]
[EventType "team-tourn"]
[EventCountry "TUR"]
[SourceTitle "playchess.com"]
[Source "ChessBase"]
[SourceQuality "1"]

{[%evp 22,101,21,0,5,0,33,26,35,0,0,0,0,0,0,0,0,-7,-3,-16,0,0,0,0,0,0,0,0,0,0,0,0,0,0,0,0,0,0,0,0,0,0,0,0,0,0,0,0,8,-23,-33,-30,-40,-39,0,-40,0,0,0,0,0,0,0,0,0,0,0,0,0,0,0,0,0,0,0,0,0,0,0,0,0,0]} 1. d4 Nf6 2. c4 e6 3. Nf3 b6 4. g3 Ba6 5. b3 Bb4+ 6. Bd2 Be7 7. Nc3 d5 8. cxd5 exd5 9. Bg2 Nbd7 10. O-O O-O 11. Ne5 Bb7 12. Bc1 {LiveBook: 4 Games. E15: Queen's Indian: 4 g3 sidelines, 4 g3 Ba6 and 4 g3 Bb7 early deviations} (12. Qc2 Re8 13. Rad1 c6 14. e4 Nf8 15. Rfe1 Ne6 16. Bc1 Rc8 17. a3 Bd6 18. Nf3 c5 19. dxc5 Rxc5 {½-½ (43) Matlakov,M (2701)-Bosiocic,M (2602) Moscow 2017}) 12... c5 13. e3 Nxe5 14. dxe5 {White is slightly better.} Ne4 15. Nxe4 $146 (15. Ne2 {is more complex.} c4 16. Bb2 Rc8 17. Bd4 Re8 18. f3) ({Predecessor:} 15. Ne2 Qc7 16. Bb2 f6 17. Nf4 Qc6 18. e6 Rad8 19. Rc1 Ng5 20. Qg4 f5 21. Qh4 Qd6 22. Rfd1 Nf3+ 23. Bxf3 Bxh4 24. gxh4 Qe7 25. Kh1 d4 {0-1 (23) Garcia Fernandez,J (1937)-Lorenzo Bailador,A (2082) Madrid 2007}) 15... dxe4 16. Qc2 Qd5 17. Bb2 Rad8 18. Bc3 Qd3 19. Qb2 Rfe8 20. Rfc1 {[%cal Bf1c1,Bc1c2,Bc2d2][%mdl 32]} Bf8 21. a4 a5 22. Rc2 Qd7 23. Rd2 Qg4 24. Bf1 Bc6 25. Be2 Rxd2 26. Qxd2 Qd7 27. Qxd7 (27. Qc2 {is interesting.} Rd8 28. Rd1 Qe8 29. Bc4 Rxd1+ 30. Qxd1 Bd7 31. Qc2) 27... Bxd7 28. Rd1 Be6 29. Bc4 Bg4 30. Rd2 Be7 31. Bd5 Bf5 32. g4 Bxg4 33. Bxe4 Be6 34. Bd5 Rd8 35. e4 Bg5 36. Rd3 Kf8 37. Kf1 Bf4 38. h4 h6 39. Rf3 {[#] Hoping for Bxe6.The position is equal.} g5 40. hxg5 hxg5 41. Bxe6 fxe6 $11 {[%mdl 4096] Endgame KRB-KRB} 42. Ke2 Kf7 43. Rh3 {[#] Strongly threatening Rh7+.} Kg6 44. Rh1 Kg7 45. Rh5 Bc1 46. Rh3 Kg6 47. Rg3 Kh5 48. Rf3 Bf4 {White must now prevent ...Kg4.} 49. Rh3+ Kg6 $1 50. Rh1 Kg7 51. Rh3 {Precision: White = 69%, Black = 75%.} 1/2-1/2

[Event "TUR-chT Superleague 2018"]
[Site "Ankara"]
[Date "2018.08.02"]
[Round "9"]
[White "Solak, Dragan"]
[Black "Sanal, Vahap"]
[Result "0-1"]
[WhiteElo "2603"]
[BlackElo "2518"]
[Annotator "TA"]
[PlyCount "142"]
[EventDate "2018.07.25"]
[EventType "team-tourn"]
[EventCountry "TUR"]
[SourceTitle "playchess.com"]
[Source "ChessBase"]
[SourceQuality "1"]

{[%evp 27,142,72,76,70,105,112,111,104,122,110,88,77,80,73,170,161,204,200,218,170,231,219,217,176,231,210,190,49,34,0,15,49,131,58,65,49,41,0,0,0,0,0,0,0,0,0,-11,-17,-17,-43,-43,-58,-20,-105,-83,-92,-2,-8,-8,-8,0,0,0,-128,-8,-179,-195,-187,-169,-319,-315,-340,-339,-332,0,0,0,-322,-323,-297,-306,-292,-199,-268,-95,-1925,-1879,-1866,-1864,-1851,-1806,-1659,-1380,-29969,-29972,-29972,-29973,-29972,-29974,-29975,-558,-29974,-29977,-29977,-29978,-29978,-29979,-29979,-29980,-29980,-29981,-29977,0,0,0,-29983,-29984]} 1. e4 g6 2. d4 Bg7 3. c4 d6 4. Nc3 Nf6 5. Nf3 O-O 6. Be2 e5 7. O-O Nc6 8. d5 Ne7 9. b4 Nh5 10. Re1 Nf4 11. Bf1 a5 12. bxa5 c5 13. a4 Rxa5 14. Ra3 h6 {[#] LiveBook: 13 Games. E97: King's Indian: Classical Main Line (6...e5 7 0-0 Nc6): 8 Be3 and 8 d5 Ne7, not 9 Ne1} 15. h3 $146 ({Predecessor:} 15. g3 Nh3+ 16. Kg2 g5 17. Ng1 Nxg1 18. Kxg1 f5 19. exf5 Nxf5 20. Nb5 Bd7 21. Bd2 Ra8 22. a5 {0-1 (49) Lautier,J (2653)-Polgar,J (2675) Cannes 2001}) 15... f5 16. Bxf4 exf4 {White is better.} 17. e5 Bd7 18. Nb5 Nc8 19. e6 Bxb5 20. cxb5 b6 (20... Bb2 $16 21. Ra2 Bc3) 21. Nd2 $1 $18 Ra7 22. Nc4 Bd4 23. Qd2 g5 (23... Qh4 {was necessary.} 24. a5 bxa5) 24. a5 $1 bxa5 25. Nxa5 (25. Rxa5 $6 Rxa5 26. Nxa5 Qf6) 25... Qc7 26. Ra2 $1 Qg7 27. Rc1 (27. Nc6 $18 Bc3 28. Rxa7 Bxd2 29. Rxg7+ Kxg7 30. Ra1) 27... g4 $1 $14 28. Nc6 Rxa2 29. Qxa2 f3 (29... gxh3 $14 30. Kh2 (30. Nxd4 Qxd4 31. Qb3 h2+ 32. Kxh2 Qxf2 $11) 30... Kh7) 30. Nxd4 (30. hxg4 $16 fxg2 31. Bxg2) 30... fxg2 31. Kxg2 Qxd4 32. Qc4 {And now Qxd4 would win.} gxh3+ 33. Kxh3 {Strongly threatening Qxd4.} Qxf2 34. Qd3 Ne7 35. Rc2 Qe1 36. Rg2+ Kh7 37. Qg3 Qxg3+ (37... Qxf1 38. Qg7#) 38. Kxg3 $11 {[%mdl 4096] Endgame KRB-KRN} Kg7 39. Bc4 Kf6 40. Rh2 (40. Rb2 $11 {remains equal.}) 40... Ke5 41. Rxh6 {[#]} f4+ (41... Rg8+ $1 $17 42. Kf2 Rg4) 42. Kf3 {Black must now prevent Rh7.} Kd4 43. Rh7 Ng6 44. Bb3 {Threatens to win with b6.} c4 45. Ba4 (45. Bc2 $11 Ne5+ 46. Kf2) 45... Ra8 (45... Kxd5 46. e7 $14) ({Better is} 45... Ne5+ $17 46. Kf2 Nd3+ 47. Kf3 Rg8) 46. Bc2 $2 (46. Bd1 $1 $11 {and White is okay.}) 46... Ra3+ $19 47. Kg4 Rg3+ 48. Kh5 (48. Kf5 $142 f3 49. Rh1) 48... Ne5 49. e7 Rg8 50. Rg7 Rh8+ $2 (50... Rb8 $19 {...f3 is the strong threat.} 51. Kh4 f3) 51. Rh7 $11 Rg8 $2 {[%mdl 8192]} (51... Rb8 $11 52. Kg5 f3 53. Rh4+ Kxd5) 52. Rg7 $1 $19 {[%cal Rg7g8]} Rb8 53. Kg5 f3 54. Rh7 f2 ({Less strong is} 54... Kxd5 55. Kf5 $15) 55. Rh1 {[#]} (55. Rh4+ $142 Kxd5 56. Rf4) 55... Nf3+ $2 (55... Kxd5 56. Kf5 $11) (55... Rg8+ $1 $19 {and Black stays clearly on top.} 56. Kf6 Rg1 57. Rxg1 fxg1=Q) 56. Kf5 $2 {[%mdl 8192]} (56. Kg6 $17) 56... Ng1 ({Not} 56... Nd2 57. Ke6 $15) 57. Rh4+ Kc3 ({Stronger than} 57... Kxd5 58. Rf4 $16) 58. Rf4 Nh3 59. Rf3+ Kxc2 {KRN-KR} 60. Kg4 Re8 61. Kxh3 Rxe7 62. Rxf2+ {KR-KR} Kb3 63. Rf6 Rd7 (63... c3 $142 64. Rf3 Kb2 65. b6 c2 66. Rf2 Kb1 67. Rf1+ c1=Q 68. Rxc1+ Kxc1 69. Kg4 Kd2 70. Kf5 Kc3 71. Kf6 Rb7 72. Ke6 Rxb6 73. Kf5 Kd4 74. Ke6 Ke4 75. Kf6 Kxd5 76. Kf5 Kc4 77. Kf4 d5 78. Kg3 d4 79. Kf4 d3 80. Ke3 Kc3 81. Kf4 d2 82. Ke5 d1=Q 83. Kf4 Rf6+ 84. Kg5 Qd4 85. Kh5 Qg1 86. Kh4 Rh6#) 64. b6 c3 65. b7 Rxb7 66. Rxd6 c2 67. Rc6 Kb2 68. Kg4 Rb5 69. d6 c1=Q $2 (69... Rd5 {mates} 70. Rb6+ Kc3 71. d7 c1=Q 72. Rc6+ Kd2 73. Rxc1 Kxc1 74. Kf4 Kd2 75. d8=B Rxd8 76. Ke4 Rd7 77. Kf5 Rd4 78. Kf6 Kd3 79. Ke5 Kc4 80. Ke6 Re4+ 81. Kf6 Kd5 82. Kf5 Ra4 83. Kf6 Rf4+ 84. Kg5 Ke5 85. Kg6 Ke6 86. Kg5 Ra4 87. Kg6 Rg4+ 88. Kh5 Kf5 89. Kh6 Kf6 90. Kh7 Rh4+ 91. Kg8 Rh6 92. Kf8 Rh8#) 70. Rxc1 $11 {aiming for Rd1.} Kxc1 71. Kf4 $2 {[%mdl 8192]} (71. d7 $11 Rd5 72. Kg3 Kc2 73. Kf3 Kd3 74. Kf4 Rxd7 75. Ke5 Rd4 76. Kf5 Rd5+ 77. Kf6 Kd4 78. Ke6 Ke4 79. Kf6 Re5 80. Kg6 Re6+ 81. Kg5 Rd6 82. Kg4 Rg6+ 83. Kh5 Kf5 84. Kh4 Rg8 85. Kh3 Kf4 86. Kh2 Kf3 87. Kh1 Kf2 88. Kh2 Rh8#) 71... Rd5 {Precision: White = 43%, Black = 49%.} 0-1

[Event "TUR-chT Superleague 2018"]
[Site "Ankara"]
[Date "2018.08.02"]
[Round "9"]
[White "Shevchenko, Kirill"]
[Black "Bozbey, Ali"]
[Result "1-0"]
[WhiteElo "2554"]
[BlackElo "2126"]
[Annotator "TA"]
[PlyCount "127"]
[EventDate "2018.07.25"]
[EventType "team-tourn"]
[EventCountry "TUR"]
[SourceTitle "playchess.com"]
[Source "ChessBase"]
[SourceQuality "1"]

{[%evp 18,127,26,29,52,52,54,22,50,30,31,41,35,33,87,54,108,114,112,99,98,73,167,172,169,146,229,245,260,243,241,220,239,219,225,218,244,242,239,222,254,231,265,257,253,212,263,269,1205,1182,6052,5721,3961,5323,6042,6052,1316,5097,5854,5318,5862,5414,5277,3529,29966,29967,29967,29970,29967,29969,29971,29972,29979,29980,29980,29981,29981,29982,29982,29983,29983,29984,29984,29985,29985,29986,29986,29986,29986,29987,29987,29988,29989,29990,29990,29988,29988,29989,29989,29990,29990,29991,29991,29992,29992,29993,29993,29993,29997,29994,29998,1000]} 1. e4 e5 2. Nf3 Nf6 3. Nxe5 d6 4. Nf3 Nxe4 5. Nc3 Nxc3 6. dxc3 Be7 7. Be3 Nc6 {C42: Russische Verteidigung (Petrow)} (7... O-O 8. Qd2 b6 9. O-O-O Bb7 10. h4 Nd7 11. Bd3 Re8 12. Kb1 Bf6 13. Rh3 Nc5 14. Bxc5 bxc5 15. g4 c4 16. Bxc4 {½-½ (26) Caruana,F (2822)-Mamedyarov,S (2808) Stavanger 2018}) 8. Bd3 Be6 9. Qe2 Bf6 10. O-O-O {LiveBook: 3 Partien} O-O 11. h4 $146 ({Vorgänger:} 11. Kb1 Re8 12. Qd2 a6 13. Ng5 Bxg5 14. Bxg5 f6 15. Bf4 Ne5 {½-½ (39) Jeziorny,J (1842)-Szydelko,M (1609) Polanica Zdroj 2016}) 11... Qd7 ({Bitte nicht} 11... Bxa2 $6 12. Be4 $15) 12. Bg5 {Droht De4 und aus.} Bd8 13. Qe4 {[%csl Gd3][%cal Re4h7]} f5 14. Qf4 Bf6 15. Rhe1 {Und weiter mit Txe6! wäre nett.} Kh8 (15... Be5 $14 16. Qa4 a6) 16. Bb5 $36 {[%mdl 2048] Schwarz steht unter Druck.} a6 ({Besser ist} 16... Qf7 $14) 17. Bxc6 $1 $16 bxc6 18. Bxf6 Rxf6 19. Qa4 c5 (19... Qe8 $16) 20. Qxd7 $18 Bxd7 21. Re7 Rd8 {[#]} (21... Bc6 $16) 22. Ne5 $1 {[%cal Re5d7][%mdl 512]} Re8 (22... dxe5 23. Rdxd7) 23. Rxd7 dxe5 24. Rxc7 {[%mdl 4096] Endspiel KTT-KTT} h6 25. h5 f4 26. Rdd7 Rf5 27. Rxg7 Rxh5 28. Kd2 Rh2 29. Ke2 e4 30. Rh7+ Kg8 31. Rcg7+ Kf8 32. Rg4 Rxg2 $2 (32... f3+ 33. gxf3 exf3+ 34. Kxf3 Re6 35. Rf4+ Kg8) 33. Rh8+ ({Schwächer ist} 33. Rxg2 f3+ 34. Kf1 fxg2+ 35. Kxg2 Re6 $18) 33... Ke7 34. Rxe8+ Kxe8 35. Rxg2 {KT-KB} f3+ 36. Kf1 fxg2+ 37. Kxg2 {KB-KB} Ke7 38. Kg3 Ke6 39. Kf4 Kd5 40. a4 a5 41. b3 {Weiß setzt Matt.} h5 42. Kf5 h4 43. Kf4 h3 44. Kg3 e3 45. fxe3 Ke4 46. b4 cxb4 47. cxb4 axb4 48. a5 Kxe3 {KBB-KBB} 49. a6 Kd2 50. a7 Kxc2 51. a8=Q b3 52. Qe4+ Kc1 53. Qc4+ Kb2 54. Kxh3 Ka3 55. Kg2 b2 56. Qa6+ Kb3 57. Qb5+ Kc2 58. Qc4+ Kd2 59. Qb3 Kc1 60. Qc3+ Kb1 61. Kf3 Ka2 62. Qc2 Ka1 63. Qa4+ Kb1 64. Ke4 {Precision: Weiß = 87%, Schwarz = 34%.} (64. Ke2 $142 Kc1 65. Qd1#) 1-0

[Event "TUR-chT Superleague 2018"]
[Site "Ankara"]
[Date "2018.08.02"]
[Round "9"]
[White "Tukhaev, Adam"]
[Black "Ivic, Velimir"]
[Result "*"]
[WhiteElo "2542"]
[BlackElo "2456"]
[Annotator "TA"]
[PlyCount "51"]
[EventDate "2018.07.25"]
[EventType "team-tourn"]
[EventCountry "TUR"]
[SourceTitle "playchess.com"]
[Source "ChessBase"]
[SourceQuality "1"]

{[%evp 25,51,0,17,1,58,49,50,56,49,51,60,56,62,57,55,20,67,0,11,11,0,3,93,97,106,110,139,117]} 1. e4 c5 2. Nf3 d6 3. d4 cxd4 4. Nxd4 Nf6 5. Nc3 a6 6. Be2 e5 7. Nb3 Be7 8. O-O O-O 9. Kh1 b6 10. f3 Bb7 11. a4 Nc6 {B92: Sicilian Najdorf: 6 Be2} 12. Bg5 Nb4 13. Nb1 h6 {LiveBook: 10 Games. The position is equal.} 14. Bh4 (14. Bxf6 Bxf6 15. Na3 Qc7 16. c3 Nc6 17. Nc4 Rfd8 18. Qd3 Ne7 19. Qe3 {½-½ (39) Ivanchuk,V (2747)-Vachier Lagrave,M (2804) Doha 2016}) 14... g5 $146 ({Black should try} 14... Bc8 $11) ({Predecessor:} 14... Nh5 15. Bf2 Qc7 16. Na3 Nf4 17. c3 Nc6 18. Nc4 b5 19. Nb6 Rad8 20. axb5 axb5 21. Bxb5 f5 22. Nd5 Nxd5 23. exd5 Nb8 24. Ra7 {1-0 (24) Arenas Vanegas,D (2411)-Mateus,A (2327) Quibdo 2015}) 15. Bf2 $14 d5 16. c3 Nc6 17. N1d2 Qc7 18. Bd3 Rfd8 19. Qe2 Bf8 20. Rfd1 Bg7 21. Nf1 (21. exd5 $14 Nxd5 22. Be4) 21... Ne7 $11 22. a5 bxa5 23. Nxa5 Bc8 {[#]} (23... dxe4 $11 {remains equal.} 24. fxe4 Ng6) 24. Ne3 $1 $16 Be6 25. c4 dxc4 26. Bxc4 {Precision: White = 74%, Black = 31%.} ({Don't take} 26. Naxc4 $6 Nc6 $14) *